|
|
|
|
| LEADER |
00000nab a2200000 a 4500 |
| 001 |
vtls008833455 |
| 003 |
SK-MaSNL |
| 005 |
20260426072238.0 |
| 008 |
140301c20060405xo dr|p|||||||000 b|slo |
| 015 |
|
|
|a SNBRB2006/07
|2 snkbucl
|
| 038 |
|
|
|a SNKBUCL
|
| 040 |
|
|
|a SNKBUCL
|b slo
|c SNKBUCL
|e AACR2
|
| 041 |
0 |
|
|a slo
|
| 044 |
|
|
|a xo
|c SK
|
| 080 |
|
|
|a 656.2.025.2
|x (437.6)
|2 1997
|
| 100 |
1 |
|
|a Brnčalová, Ivana
|4 aut
|9 889436
|
| 245 |
1 |
0 |
|a K európskej rýchlosti
|c Ivana Brnčalová
|
| 610 |
2 |
7 |
|a Železničná spoločnosť (Slovensko)
|2 snkbucl
|9 59492
|
| 650 |
0 |
7 |
|a osobná železničná doprava
|2 snkbucl
|9 88590
|
| 651 |
|
7 |
|a Slovensko
|2 snkbucl
|9 14231
|
| 773 |
0 |
|
|t Hospodárske noviny
|g Roč. XIV., č. 67 (5.4.2006)
|x 1335-4701
|
| 773 |
0 |
8 |
|t Podniky & trhy
|g Č. 67 (5.4.2006), s. 13
|x 1335-4701
|
| 852 |
|
|
|a SNK
|b KIS3GCP
|
| 958 |
|
|
|a SK
|
| 999 |
|
|
|c 2686687
|d 2688617
|